000 003260000a22001450004500
003 MACL
040 _aMACL
090 _c34003
_d34001
100 _aEvans, Huw
245 _aGetting Started With Wap And WML
260 _bBPB Publications
_c2001
350 _a210
650 _aComputer probraming
942 _cBOOK
_k005.13/Eva
999 _c33647
_d33647